<?xml version="1.0" encoding="UTF-8"?>
<record
    xmlns:xsi="http://www.w3.org/2001/XMLSchema-instance"
    xsi:schemaLocation="http://www.loc.gov/MARC21/slim http://www.loc.gov/standards/marcxml/schema/MARC21slim.xsd"
    xmlns="http://www.loc.gov/MARC21/slim">

  <leader>05406njm a2200529Ia 4500</leader>
  <controlfield tag="001">F0896</controlfield>
  <controlfield tag="003">IT-RoPAU</controlfield>
  <controlfield tag="005">20220918181120.0</controlfield>
  <controlfield tag="008">131025s9999    xx            000 0 und d</controlfield>
  <datafield tag="040" ind1=" " ind2=" ">
    <subfield code="a">IT-RoPAU</subfield>
  </datafield>
  <datafield tag="040" ind1=" " ind2=" ">
    <subfield code="c">IT-RoPAU</subfield>
  </datafield>
  <datafield tag="999" ind1=" " ind2=" ">
    <subfield code="c">99726</subfield>
    <subfield code="d">99726</subfield>
  </datafield>
  <datafield tag="999" ind1=" " ind2=" ">
    <subfield code="b">n.d.</subfield>
  </datafield>
  <datafield tag="100" ind1=" " ind2=" ">
    <subfield code="a">AA.VV.</subfield>
    <subfield code="9">794</subfield>
  </datafield>
  <datafield tag="100" ind1=" " ind2=" ">
    <subfield code="e">Autore musica</subfield>
    <subfield code="9">32419</subfield>
  </datafield>
  <datafield tag="100" ind1=" " ind2=" ">
    <subfield code="g">Codice autore musica SPICS: 12000</subfield>
    <subfield code="9">796</subfield>
  </datafield>
  <datafield tag="245" ind1=" " ind2=" ">
    <subfield code="a">Festliche Chormusik</subfield>
  </datafield>
  <datafield tag="250" ind1=" " ind2=" ">
    <subfield code="a">1a ed.</subfield>
  </datafield>
  <datafield tag="260" ind1=" " ind2=" ">
    <subfield code="a"> GERMANIA</subfield>
  </datafield>
  <datafield tag="260" ind1=" " ind2=" ">
    <subfield code="b">INTERCORD </subfield>
    <subfield code="c">1979 [1a Ed.:1979 - Ed. Lingua Orig.: 1979]</subfield>
  </datafield>
  <datafield tag="300" ind1=" " ind2=" ">
    <subfield code="a">DISCO</subfield>
  </datafield>
  <datafield tag="500" ind1=" " ind2=" ">
    <subfield code="a">Musica classica, religiosa. Corali per le festivit&#xE0;.</subfield>
  </datafield>
  <datafield tag="505" ind1=" " ind2=" ">
    <subfield code="a">Madrigali amorosi [(Liebeslieder) (19:00)] - Madrigali guerrieri [(Landsknechtslieder) (21:00)] - Singet Dem Herrn Ein Neues Lied (6:00) - Gloria patri (2:00) - Dir, Dir, Jehova, Will Ich Singen (3:00) - Wer Nur Den Lieben Gott Labt Walten (3:00) - Herr Christe, Tu Mir Geben (2:00) - Nun Danket Alle Gott (2:00) - Herr, Wenn Ich Nur Dich Habe (4:00) - Was Gott Tut, Das Ist Wohlgetan (3:00) - Ach Herr, Lab Dein Lieb' Engelein (2:00) - Ave Maria (3:00) - Tantum ergo (3:00) - Fest- Und Gedenkspruche In Drei Teilen (3:00) - Richte Mich, Gott (5:00) - Denn Er Hat Seinen Engeln (3:00) - Liebeslieder Walzer op. 52 [(24:00) (Rede, Madden, Allzu Liebes- Am Gesteine Rauscht Die Flut - O Die Frauen - Wie Des Abends Schone Rote - Die Grune Hopfenranke - Ein Kleiner, Hubscher Vogel - Wohl Schon Bewandt War Es - Wenn So Lind Dein Auge Mir - Am Donaustrande - O Wie Sanft Die Quelle - Nein, Es Ist Nicht Auszukommen - Schlosser Auf, Und Mache Schlosser - Vogelein Durchrauscht Die Luft - Sieh, Wie Ist Die Welle Klar - Nachtigall, Sie Singt So Schon - Ein Dunkeler Schacht Ist Liebe - Nicht Wandle, Mein Licht - Es Bebet Das Gestrauche)] - Neue Liebeslieder Walzer op. 65 [(22:00) (Verzicht, O Herz, Auf Rettung - Finstere Schatten Der Nacht - An Jeder Hand Die Finger - Ihr Schwarzen Augen - Wahre, Wahre Deinen Sohn - Rosen Steckt Mir An Die Mutter - Vom Gebirge Well' Auf Well' - Weiche Graser Im Revier - Nagen Am Herzen Fuhl Ich - Ich Kose Sub Mit Der Und Der - Alles, Alles In Den Wind - Schwarzer Wald, Dein Schatten - Nein, Geliebter, Setze Dich - Flammenauge, Dunkles Haar - Zum Schlub; Nun, Ihr Musen, Genug)] - Deutsche messe [(36:00) (Zum Eingang - Zum Gloria - Zum Evangelium Und Credo - Zum Offertorium - Zum Sanctus - Nach Der Wandlung - Zum Agnus Dei - Schlubgesang)] - Die Himmel Ruhmen (6:00) - Ave verum: O Herr (5:00) - Laudate dominum (6:00) - Sanctus Und Benedictus [(tratto dalla Messa in sol maggiore) (6:00)] - Motette "Os Justi";  Motette "Christus Factus Est" (9:00)</subfield>
  </datafield>
  <datafield tag="511" ind1=" " ind2=" ">
    <subfield code="a">Stuttgarter Hymnus-Chorknaben diretto da Wilhelm Gerhard</subfield>
  </datafield>
  <datafield tag="511" ind1=" " ind2=" ">
    <subfield code="a">Die Gachinger Kantorei diretti da Rilling Helmut</subfield>
  </datafield>
  <datafield tag="511" ind1=" " ind2=" ">
    <subfield code="a">Sangervereinigung Habloch diretto da Salten Siegfried</subfield>
  </datafield>
  <datafield tag="511" ind1=" " ind2=" ">
    <subfield code="a">Stuttgarter Liederkranz diretto da Schneider Walther</subfield>
  </datafield>
  <datafield tag="511" ind1=" " ind2=" ">
    <subfield code="a">Berliner Mozartchor diretto da Steffen Erich</subfield>
  </datafield>
  <datafield tag="511" ind1=" " ind2=" ">
    <subfield code="a">Gachinger Kantorei Und Figuralchor diretti da Rilling Helmut</subfield>
  </datafield>
  <datafield tag="650" ind1=" " ind2=" ">
    <subfield code="a">CLASSICA [DISCHI]</subfield>
    <subfield code="e">Codice MATERIA SPICS: 9950</subfield>
    <subfield code="9">1157</subfield>
  </datafield>
  <datafield tag="700" ind1=" " ind2=" ">
    <subfield code="a">Monteverdi Claudio</subfield>
    <subfield code="d">Codice autore musica SPICS: 3614</subfield>
    <subfield code="e">Autore musica</subfield>
    <subfield code="p">Madrigali amorosi (Liebeslieder) - Madrigali guerrieri (Landsknechtslieder)</subfield>
    <subfield code="9">32420</subfield>
  </datafield>
  <datafield tag="700" ind1=" " ind2=" ">
    <subfield code="a">Schutz Heinrich</subfield>
    <subfield code="d">Codice autore musica SPICS: 10118</subfield>
    <subfield code="e">Autore musica</subfield>
    <subfield code="p">Singet Dem Herrn Ein Neues Lied - Herr, Wenn Ich Nur Dich Habe</subfield>
    <subfield code="9">32421</subfield>
  </datafield>
  <datafield tag="700" ind1=" " ind2=" ">
    <subfield code="a">Di Lasso Orlando</subfield>
    <subfield code="d">Codice autore musica SPICS: 11403</subfield>
    <subfield code="e">Autore musica</subfield>
    <subfield code="p">Gloria patri</subfield>
    <subfield code="9">32422</subfield>
  </datafield>
  <datafield tag="700" ind1=" " ind2=" ">
    <subfield code="a">Bach Johann Sebastian</subfield>
    <subfield code="d">Codice autore musica SPICS: 9695</subfield>
    <subfield code="e">Autore musica</subfield>
    <subfield code="p">Dir, Dir, Jehova, Will Ich Singen - Wer Nur Den Lieben Gott Labt Walten - Was Gott Tut, Das Ist Wohlgetan - Ach Herr, Lab Dein Lieb' Engelein</subfield>
    <subfield code="9">32423</subfield>
  </datafield>
  <datafield tag="700" ind1=" " ind2=" ">
    <subfield code="a">Eccard Johann</subfield>
    <subfield code="d">Codice autore musica SPICS: 50449</subfield>
    <subfield code="e">Autore musica</subfield>
    <subfield code="p">Herr Christe, Tu Mir Geben</subfield>
    <subfield code="9">32424</subfield>
  </datafield>
  <datafield tag="700" ind1=" " ind2=" ">
    <subfield code="a">Praetorius M.</subfield>
    <subfield code="d">Codice autore musica SPICS: 28896</subfield>
    <subfield code="e">Autore musica</subfield>
    <subfield code="p">Nun Danket Alle Gott</subfield>
    <subfield code="9">32425</subfield>
  </datafield>
  <datafield tag="700" ind1=" " ind2=" ">
    <subfield code="a">Bruckner Joseph Anton</subfield>
    <subfield code="d">Codice autore musica SPICS: 10727</subfield>
    <subfield code="e">Autore musica</subfield>
    <subfield code="p">Ave Maria - Tantum ergo - Motette "Os Justi";  Motette "Christus Factus Est"</subfield>
    <subfield code="9">32426</subfield>
  </datafield>
  <datafield tag="700" ind1=" " ind2=" ">
    <subfield code="a">Brahms Johannes</subfield>
    <subfield code="d">Codice autore musica SPICS: 8867</subfield>
    <subfield code="e">Autore musica</subfield>
    <subfield code="p">Fest- Und Gedenkspruche In Drei Teilen - Liebeslieder Walzer op. 52 - Neue Liebeslieder Walzer op. 65</subfield>
    <subfield code="9">32427</subfield>
  </datafield>
  <datafield tag="700" ind1=" " ind2=" ">
    <subfield code="a">Mendelssohn Felix</subfield>
    <subfield code="d">Codice autore musica SPICS: 3873</subfield>
    <subfield code="e">Autore musica</subfield>
    <subfield code="p">Richte Mich, Gott - Denn Er Hat Seinen Engeln</subfield>
    <subfield code="9">32428</subfield>
  </datafield>
  <datafield tag="700" ind1=" " ind2=" ">
    <subfield code="a">Daumer Georg Friedrich</subfield>
    <subfield code="d">Codice autore testo/musica SPICS: 50450</subfield>
    <subfield code="e">Autore testo/musica</subfield>
    <subfield code="p">Liebeslieder Walzer op. 52 - Neue Liebeslieder Walzer op. 65</subfield>
    <subfield code="9">32429</subfield>
  </datafield>
  <datafield tag="700" ind1=" " ind2=" ">
    <subfield code="a">Schubert Franz</subfield>
    <subfield code="d">Codice autore musica SPICS: 10690</subfield>
    <subfield code="e">Autore musica</subfield>
    <subfield code="p">Deutsche messe - Sanctus Und Benedictus</subfield>
    <subfield code="9">32430</subfield>
  </datafield>
  <datafield tag="700" ind1=" " ind2=" ">
    <subfield code="a">Neumann Johann Philipp</subfield>
    <subfield code="d">Codice autore testo/musica SPICS: 50451</subfield>
    <subfield code="e">Autore testo/musica</subfield>
    <subfield code="p">Deutsche messe</subfield>
    <subfield code="9">32431</subfield>
  </datafield>
  <datafield tag="700" ind1=" " ind2=" ">
    <subfield code="a">Beethoven Ludwig Van</subfield>
    <subfield code="d">Codice autore musica SPICS: 10721</subfield>
    <subfield code="e">Autore musica</subfield>
    <subfield code="p">Die Himmel Ruhmen</subfield>
    <subfield code="9">32432</subfield>
  </datafield>
  <datafield tag="700" ind1=" " ind2=" ">
    <subfield code="a">Gellert Christian F.</subfield>
    <subfield code="d">Codice autore testo/musica SPICS: 50452</subfield>
    <subfield code="e">Autore testo/musica</subfield>
    <subfield code="p">Die Himmel Ruhmen</subfield>
    <subfield code="9">32433</subfield>
  </datafield>
  <datafield tag="700" ind1=" " ind2=" ">
    <subfield code="a">Mozart Wolfgang Amadeus</subfield>
    <subfield code="d">Codice autore musica SPICS:  3486</subfield>
    <subfield code="e">Autore musica</subfield>
    <subfield code="p">Ave verum: O Herr - Laudate dominum</subfield>
    <subfield code="9">32434</subfield>
  </datafield>
  <datafield tag="700" ind1=" " ind2=" ">
    <subfield code="a">Bruckner Joseph Anton</subfield>
    <subfield code="d">Codice autore musica SPICS: 10727</subfield>
    <subfield code="e">Autore musica</subfield>
    <subfield code="9">32435</subfield>
  </datafield>
  <datafield tag="942" ind1=" " ind2=" ">
    <subfield code="c">MD</subfield>
    <subfield code="2">ddc</subfield>
  </datafield>
  <datafield tag="952" ind1=" " ind2=" ">
    <subfield code="0">0</subfield>
    <subfield code="1">0</subfield>
    <subfield code="4">0</subfield>
    <subfield code="6">F_0896_000000000000000</subfield>
    <subfield code="7">1</subfield>
    <subfield code="a">SPICS</subfield>
    <subfield code="b">SPICS</subfield>
    <subfield code="d">2013-10-25</subfield>
    <subfield code="l">0</subfield>
    <subfield code="o">F0896</subfield>
    <subfield code="r">2013-10-25 00:00:00</subfield>
    <subfield code="w">2013-10-25</subfield>
    <subfield code="y">MD</subfield>
    <subfield code="z">Progr. Ins.: 3432 / N.Vol.: 1 / Copie: 1 - Copia rara: n.d. / date import: 01.01.2014 - By Epidotti, Trombetti, Vaglietti</subfield>
  </datafield>
</record>
